[Event "Grand Chess Tour 2018"]
[Site "Parigi"]
[Date "24.06.2018"]
[Round "16B"]
[White "Kramnik,V"]
[Black "Caruana,F"]
[Result "0-1"]
[WhiteElo "2792"]
[BlackElo "2816"]
[EventDate "2018.06.20"]

1. d4 Nf6 2. Nf3 d5 3. e3 c5 4. c3 cxd4 5. exd4 Nc6 6. Ne5 a6 7. Bd3 g6 8.
O-O Bg7 9. Re1 O-O 10. Nd2 Nxe5 11. dxe5 Nd7 12. Nf3 Nc5 13. Nd4 Bg4 14. f3
Bd7 15. Bg5 Re8 16. Bh4 b5 17. Kh1 Rc8 18. Bf1 Qb6 19. Qd2 a5 20. a3 Qb7
21. Rad1 Ne6 22. Nxe6 Bxe6 23. Bf2 Rb8 24. b4 Ra8 25. Bc5 axb4 26. Bxb4
Rab8 27. Qd4 Red8 28. Qh4 Rd7 29. Rd4 Qc7 30. Qg3 Bf5 31. Re3 Bc2 32. Qe1
e6 33. h4 Bf8 34. Qf2 Bb3 35. h5 Bc5 36. Bxc5 Qxc5 37. Qh4 Qxa3 38. hxg6
fxg6 39. Kh2 Qc1 40. Re1 Qxc3 41. Rd3 Qc2 42. Qf6 Re8 43. Ra1 Bc4 44. Ra6
Rf7 45. Rxe6 Rxf6 46. Rxe8+ Rf8 0-1

[Event "Grand Chess Tour 2018"]
[Site "Parigi"]
[Date "24.06.2018"]
[Round "16B"]
[White "Grischuk,A"]
[Black "Anand,V"]
[Result "1-0"]
[WhiteElo "2766"]
[BlackElo "2759"]
[EventDate "2018.06.20"]

1. c4 c5 2. g3 g6 3. Bg2 Bg7 4. Nc3 Nc6 5. Nf3 d6 6. O-O Bf5 7. d3 Qd7 8.
Nd5 Nf6 9. Bd2 O-O 10. Bc3 Nxd5 11. cxd5 Nd4 12. Nh4 Bg4 13. f3 Bh3 14.
Bxh3 Qxh3 15. e3 Nf5 16. Nxf5 Qxf5 17. e4 Qd7 18. Qb3 b5 19. Bxg7 Kxg7 20.
Qc3+ Kg8 21. f4 Rac8 22. f5 c4 23. d4 Qc7 24. a4 b4 25. Qxb4 Rb8 26. Qd2
Rb3 27. a5 Qb7 28. Rf2 Qb4 29. fxg6 hxg6 30. Rc1 Qxd2 31. Rxd2 Rd3 32. Rxd3
cxd3 33. Kf2 Rb8 34. Ke3 Rxb2 35. Kxd3 Rb3+ 36. Kc4 Rb2 37. Kd3 Rb3+ 38.
Kd2 Rb2+ 39. Ke3 Rxh2 40. Rc7 Kf8 41. Rxa7 Ra2 42. a6 f6 43. g4 Ra3+ 44.
Kd2 Kf7 45. Ra8 f5 46. gxf5 gxf5 47. exf5 Ra5 48. a7 Kg7 49. Kc3 Ra1 50.
Kb4 Rb1+ 51. Kc4 Rc1+ 52. Kb5 Rb1+ 53. Kc6 Ra1 54. Kc7 Ra2 55. Kd8 Kf7 56.
Kd7 Ra1 57. f6 exf6 58. Kxd6 Kg7 59. Ke6 1-0

[Event "Grand Chess Tour 2018"]
[Site "Parigi"]
[Date "24.06.2018"]
[Round "17B"]
[White "Caruana,F"]
[Black "So,W"]
[Result "1/2-1/2"]
[WhiteElo "2816"]
[BlackElo "2778"]
[EventDate "2018.06.20"]

1. e4 e5 2. Bc4 Nf6 3. d3 Nc6 4. Nc3 Bb4 5. Nge2 d5 6. exd5 Nxd5 7. O-O Be6
8. Ne4 Be7 9. Bb3 O-O 10. f4 exf4 11. Nxf4 Nxf4 12. Bxf4 Nd4 13. Bxe6 Nxe6
14. Be5 Qd5 15. Bc3 f5 16. Nd2 Bf6 17. Kh1 Rae8 18. Qf3 Qxf3 19. Nxf3 Bxc3
20. bxc3 g6 21. Rfe1 Kg7 22. Kg1 Nc5 23. Kf2 Kf6 24. Nd4 Ne6 25. a4 Nxd4
26. cxd4 Rxe1 27. Rxe1 Rd8 28. Rb1 b6 29. Ke3 f4+ 30. Ke4 g5 31. a5 Re8+
32. Kf3 Re3+ 33. Kf2 h5 34. axb6 axb6 35. Ra1 Re7 36. Ra8 Rd7 37. c3 g4 38.
Rf8+ Kg5 39. Rg8+ Kf5 40. Rf8+ Kg5 41. Rg8+ 1/2-1/2

[Event "Grand Chess Tour 2018"]
[Site "Parigi"]
[Date "24.06.2018"]
[Round "17B"]
[White "Anand,V"]
[Black "Kramnik,V"]
[Result "1/2-1/2"]
[WhiteElo "2759"]
[BlackElo "2792"]
[EventDate "2018.06.20"]

1. e4 e5 2. Nf3 Nc6 3. Bb5 Nf6 4. O-O Nxe4 5. Re1 Nd6 6. Nxe5 Be7 7. Bf1
Nxe5 8. Rxe5 O-O 9. Nc3 Ne8 10. Nd5 Bd6 11. Re1 c6 12. Ne3 Bc7 13. Nf5 d5
14. Ne7+ Kh8 15. Nxc8 Rxc8 16. d3 f5 17. Bd2 Nf6 18. g3 Qd7 19. Qf3 Ng4 20.
Bh3 h5 21. Bf4 Bb6 22. Bxg4 fxg4 23. Qe2 Rce8 24. Qd2 Bd4 25. c3 Bf6 26.
Bg5 Be5 27. Re2 Bd6 28. Rxe8 Rxe8 29. Re1 Rxe1+ 30. Qxe1 Kh7 31. Qe3 Qf5
32. Be7 Bxe7 33. Qxe7 Qxd3 34. Qxb7 Qd1+ 35. Kg2 Qf3+ 36. Kg1 Qd1+ 37. Kg2
Qf3+ 1/2-1/2

[Event "Grand Chess Tour 2018"]
[Site "Parigi"]
[Date "24.06.2018"]
[Round "17B"]
[White "Aronian,L"]
[Black "Karjakin,Sergey"]
[Result "1/2-1/2"]
[WhiteElo "2764"]
[BlackElo "2782"]
[EventDate "2018.06.20"]

1. e4 e5 2. Nf3 Nc6 3. Bc4 Bc5 4. d3 Nf6 5. O-O d6 6. c3 a6 7. Re1 h6 8.
Bb3 O-O 9. h3 Re8 10. Nbd2 Be6 11. Bc2 d5 12. exd5 Qxd5 13. b4 Bf8 14. a4
b5 15. Qe2 Rad8 16. axb5 axb5 17. Ne4 Nxe4 18. dxe4 Qc4 19. Qxc4 Bxc4 20.
Be3 Bd6 21. Nd2 Be6 22. Red1 Ra8 23. Bd3 Rxa1 24. Rxa1 Rb8 25. Ra3 f6 26.
Kf1 Kf7 27. Ke2 h5 28. h4 Ke8 29. f3 Bf7 30. Kd1 Nd8 31. Nb3 Bxb3+ 32. Rxb3
Ne6 33. Kc2 Rb7 34. Bf1 Ke7 35. g3 g6 36. Bh3 c6 37. Ra3 Nc7 38. Kb3 Ke8
39. Ra1 Ke7 40. Ba7 Ne6 41. Be3 Nc7 42. g4 hxg4 43. fxg4 Ne6 44. g5 fxg5
45. hxg5 Nf4 46. Bc8 Rc7 47. Ra8 c5 48. Ba6 cxb4 49. cxb4 Rc4 50. Ra7+ Kf8
51. Bd2 Rxe4 52. Bxb5 Ne6 53. Bc4 Nd4+ 54. Kb2 Nc6 55. Bd5 Rd4 56. Bxc6
Rxd2+ 57. Kc3 Rd4 58. b5 Bb4+ 59. Kb3 Bc5 60. Rd7 Rxd7 1/2-1/2

[Event "Grand Chess Tour 2018"]
[Site "Parigi"]
[Date "24.06.2018"]
[Round "18B"]
[White "So,W"]
[Black "Anand,V"]
[Result "1/2-1/2"]
[WhiteElo "2778"]
[BlackElo "2759"]
[EventDate "2018.06.20"]

1. Nf3 Nf6 2. c4 c5 3. Nc3 Nc6 4. g3 d5 5. cxd5 Nxd5 6. Bg2 g6 7. O-O Bg7
8. Nxd5 Qxd5 9. d3 O-O 10. Be3 Bd7 11. Nd4 Qd6 12. Nxc6 Bxc6 13. Bxc6 Qxc6
14. Rc1 Qa6 15. Rxc5 b6 16. Rc2 Qxa2 17. b4 Qa4 18. Rc4 Qxd1 19. Rxd1 Rfc8
20. b5 Be5 21. Rd2 Rxc4 22. dxc4 Rc8 23. Rd7 Rc7 24. Rxc7 Bxc7 25. Kg2 f5
26. Bd2 Kf7 27. Kf3 Bd6 28. h3 e6 29. e4 Ke7 30. g4 fxg4+ 31. hxg4 h5 32.
Bg5+ Kd7 33. Be3 e5 34. Kg3 Be7 35. f3 h4+ 1/2-1/2

[Event "Grand Chess Tour 2018"]
[Site "Parigi"]
[Date "24.06.2018"]
[Round "18B"]
[White "Grischuk,A"]
[Black "Aronian,L"]
[Result "1/2-1/2"]
[WhiteElo "2766"]
[BlackElo "2764"]
[EventDate "2018.06.20"]

1. e4 e5 2. Nf3 Nc6 3. Bb5 Nf6 4. d3 Bc5 5. c3 d5 6. exd5 Qxd5 7. Qb3 O-O
8. O-O Qxb3 9. axb3 e4 10. dxe4 Nxe4 11. Bf4 Bb6 12. Nbd2 Nxd2 13. Nxd2 Be6
14. Nc4 Rfd8 15. Nxb6 cxb6 16. b4 a6 17. Bxc6 bxc6 18. Bc7 Rd2 19. Bxb6
Rxb2 20. h3 Ra2 21. Rxa2 Bxa2 22. Rd1 Bc4 23. Rd7 Re8 1/2-1/2